000 00798cam a22002773a 4500
001 421
003 PGUSA
005 20140828082948.0
008 060116s2006||||xxu|||||s|||||000 1 eng d
040 _aPGUSA
_beng
042 _adc
050 4 _aPR
050 4 _aPZ
100 1 _aStevenson, Robert Louis,
_d1850-1894
245 1 0 _aKidnapped
_h[electronic resource] /
_cRobert Louis Stevenson
260 _bProject Gutenberg,
_c2006
506 _aPublic domain in the USA.
516 _aElectronic text
653 _aScotland -- History -- 18th century -- Fiction
653 _aAdventure and adventurers -- Fiction
653 _aHistorical fiction
653 _aKidnapping -- Fiction
830 0 _aProject Gutenberg
_v421
856 4 0 _uhttp://www.gutenberg.org/ebooks/421
942 _cEB
999 _c229772
_d229772